[Event "Gibraltar Chess Festival 2017 - Masters"]
[Site "Gibraltar ENG"]
[Date "2017.01.26"]
[Round "3.73"]
[White "Nomin-Erdene, Davaademberel"]
[Black "Herzwurm, Robert"]
[Result "1/2-1/2"]
[WhiteElo "2378"]
[BlackElo "2143"]
[PlyCount "53"]
[EventDate "2017.01.24"]
[EventType "swiss"]
[EventRounds "10"]
[EventCountry "ENG"]
[SourceTitle "Ajedrez en Madrid"]
[Source "lmi"]
[SourceDate "2017.01.24"]

1. e4 e6 2. d4 d5 3. Nc3 Bb4 4. e5 c5 5. a3 Bxc3+ 6. bxc3 Ne7 7. Qg4 Qc7 8.
Qxg7 Rg8 9. Qxh7 cxd4 10. Ne2 dxc3 11. f4 Nbc6 12. Qd3 Nf5 13. h4 Bd7 14. h5
O-O-O 15. Rb1 d4 16. Rg1 f6 17. g4 fxe5 18. gxf5 exf5 19. Rxg8 Rxg8 20. Qc4 Re8
21. fxe5 Qxe5 22. Kd1 Qh2 23. Qb5 Nd8 24. Qc5+ Nc6 25. Qb5 Nd8 26. Qc5+ Nc6 27.
Qb5 1/2-1/2

[Event "Gibraltar Chess Festival 2017 - Masters"]
[Site "Gibraltar ENG"]
[Date "2017.01.26"]
[Round "3.74"]
[White "Gonzalez Gonzalez, Alfonso"]
[Black "Szabo, Bence"]
[Result "1-0"]
[WhiteElo "2162"]
[BlackElo "2378"]
[PlyCount "57"]
[EventDate "2017.01.24"]
[EventType "swiss"]
[EventRounds "10"]
[EventCountry "ENG"]
[SourceTitle "Ajedrez en Madrid"]
[Source "lmi"]
[SourceDate "2017.01.24"]

1. d4 Nf6 2. Bg5 d5 3. Bxf6 exf6 4. e3 Bd6 5. c4 dxc4 6. Bxc4 O-O 7. Nd2 Nd7 8.
Qc2 c6 9. Bd3 g6 10. h4 f5 11. h5 Nf6 12. Ngf3 Ng4 13. Nc4 Bb4+ 14. Kf1 Be6 15.
Nce5 Qf6 16. e4 fxe4 17. Bxe4 Bd6 18. Re1 Rae8 19. Qc3 Qg7 20. Kg1 Bc8 21. Bd3
c5 22. hxg6 hxg6 23. Nxg6 cxd4 24. Qd2 Rxe1+ 25. Qxe1 Nh6 26. Nxf8 Bxf8 27. Rh5
Qf6 28. Qe4 Bg7 29. Qe8+ 1-0

[Event "Gibraltar Chess Festival 2017 - Masters"]
[Site "Gibraltar ENG"]
[Date "2017.01.26"]
[Round "3.75"]
[White "Gara, Ticia"]
[Black "Weeramantry, Sunil"]
[Result "1-0"]
[WhiteElo "2378"]
[BlackElo "2129"]
[PlyCount "67"]
[EventDate "2017.01.24"]
[EventType "swiss"]
[EventRounds "10"]
[EventCountry "ENG"]
[SourceTitle "Ajedrez en Madrid"]
[Source "lmi"]
[SourceDate "2017.01.24"]

1. e4 c5 2. Nf3 Nc6 3. Bb5 g6 4. Bxc6 dxc6 5. d3 Bg7 6. O-O e5 7. Be3 b6 8.
Nbd2 f6 9. a4 Be6 10. a5 Ne7 11. axb6 axb6 12. Rxa8 Qxa8 13. b4 cxb4 14. Bxb6
Qa6 15. Bc5 Qb5 16. d4 Kf7 17. Qa1 exd4 18. Qa7 Re8 19. Nxd4 Qb8 20. Qxb8 Rxb8
21. Bxe7 f5 22. Nxe6 Kxe6 23. Bc5 fxe4 24. Nxe4 Kd5 25. f3 Bd4+ 26. Bxd4 Kxd4
27. Rd1+ Kc4 28. Ra1 Rd8 29. Kf2 Kb5 30. Ke2 c5 31. Ra7 c4 32. Rxh7 Ra8 33.
Rb7+ Ka5 34. Rc7 1-0

[Event "Gibraltar Chess Festival 2017 - Masters"]
[Site "Gibraltar ENG"]
[Date "2017.01.26"]
[Round "3.76"]
[White "Soumya, Swaminathan"]
[Black "Whatley, Stephen A J"]
[Result "1-0"]
[WhiteElo "2375"]
[BlackElo "2127"]
[PlyCount "67"]
[EventDate "2017.01.24"]
[EventType "swiss"]
[EventRounds "10"]
[EventCountry "ENG"]
[SourceTitle "Ajedrez en Madrid"]
[Source "lmi"]
[SourceDate "2017.01.24"]

1. e4 c5 2. Nf3 Nc6 3. Nc3 d6 4. d4 cxd4 5. Nxd4 e5 6. Nde2 a6 7. h3 Be6 8. g3
Rc8 9. Be3 Be7 10. Qd2 Na5 11. b3 Nf6 12. Bg2 O-O 13. O-O Nc6 14. Nd5 Bxd5 15.
exd5 Nb8 16. c4 Nbd7 17. g4 Ne8 18. Ng3 b5 19. cxb5 axb5 20. Nf5 Nc5 21. Rac1
Rb8 22. Rfd1 g6 23. Nxe7+ Qxe7 24. Bxc5 dxc5 25. d6 Qa7 26. Qe3 Rd8 27. Qxe5
Qa6 28. d7 Nf6 29. Qe7 h5 30. Rd6 Qa3 31. Rcd1 hxg4 32. Qxf6 Qxa2 33. Bd5 Qc2
34. Bxf7+ 1-0

[Event "Gibraltar Chess Festival 2017 - Masters"]
[Site "Gibraltar ENG"]
[Date "2017.01.26"]
[Round "3.77"]
[White "Arakhamia-Grant, Ketevan"]
[Black "Behrendt, Clemens"]
[Result "1-0"]
[WhiteElo "2370"]
[BlackElo "2121"]
[PlyCount "105"]
[EventDate "2017.01.24"]
[EventType "swiss"]
[EventRounds "10"]
[EventCountry "ENG"]
[SourceTitle "Ajedrez en Madrid"]
[Source "lmi"]
[SourceDate "2017.01.24"]

1. e4 d5 2. exd5 Nf6 3. d4 Bg4 4. Nf3 Qxd5 5. Be2 Nc6 6. h3 Bxf3 7. Bxf3 Qd6 8.
c3 O-O-O 9. Qa4 Nd5 10. O-O e5 11. Na3 Nb6 12. Qb3 exd4 13. Nb5 Qf6 14. Bxc6
bxc6 15. Nxd4 c5 16. Nf3 Rd5 17. a4 c4 18. Qc2 Ra5 19. Qe4 Bd6 20. Be3 Qg6 21.
Qh4 Rh5 22. Qg4+ f5 23. Qxg6 hxg6 24. a5 Nd5 25. Bxa7 g5 26. Rfd1 Nf4 27. Kf1
g4 28. hxg4 fxg4 29. Ng1 Kb7 30. Be3 Ka6 31. Rxd6+ cxd6 32. Bxf4 Rd5 33. g3 Rb8
34. Ra2 Rd1+ 35. Kg2 Re8 36. Be3 Re5 37. Ra4 Rxa5 38. Rxc4 Raa1 39. f3 Re1 40.
Bf2 gxf3+ 41. Nxf3 Re2 42. Rc6+ Kb7 43. Rxd6 Rxb2 44. Rd2 Rxd2 45. Nxd2 Ra2 46.
Ne4 Kc6 47. Kf3 Kd5 48. Bd4 Ra4 49. Nf2 g6 50. Nd3 g5 51. Kg4 Ra5 52. Nf2 Ra8
53. Nh3 1-0

[Event "Gibraltar Chess Festival 2017 - Masters"]
[Site "Gibraltar ENG"]
[Date "2017.01.26"]
[Round "3.78"]
[White "Smith, Andrew Philip"]
[Black "Paehtz, Thomas"]
[Result "0-1"]
[WhiteElo "2152"]
[BlackElo "2365"]
[PlyCount "60"]
[EventDate "2017.01.24"]
[EventType "swiss"]
[EventRounds "10"]
[EventCountry "ENG"]
[SourceTitle "Ajedrez en Madrid"]
[Source "lmi"]
[SourceDate "2017.01.24"]

1. e4 e6 2. d4 d5 3. Nc3 Nf6 4. e5 Nfd7 5. Qh5 c5 6. Nf3 g6 7. Qg4 cxd4 8. Nxd4
Nc6 9. Nxc6 bxc6 10. f4 Qb6 11. h4 h5 12. Qf3 Bb7 13. Rh3 O-O-O 14. a4 a5 15.
Rb1 Bb4 16. Bd2 Nc5 17. Rd1 Na6 18. Nb1 Be7 19. Qe2 Qxb2 20. Bxa5 Bb4+ 21. Bxb4
Qxb4+ 22. Nd2 Qxf4 23. Rb1 Nc5 24. Rb6 Qxa4 25. Nb3 Ne4 26. Re3 Qa7 27. Rb4 Rd7
28. Rexe4 dxe4 29. Qc4 Qe3+ 30. Be2 Rhd8 0-1

[Event "Gibraltar Chess Festival 2017 - Masters"]
[Site "Gibraltar ENG"]
[Date "2017.01.26"]
[Round "3.79"]
[White "Lazarne Vajda, Szidonia"]
[Black "Eagleton, Greg T"]
[Result "1-0"]
[WhiteElo "2364"]
[BlackElo "2055"]
[PlyCount "55"]
[EventDate "2017.01.24"]
[EventType "swiss"]
[EventRounds "10"]
[EventCountry "ENG"]
[SourceTitle "Ajedrez en Madrid"]
[Source "lmi"]
[SourceDate "2017.01.24"]

1. e4 c5 2. Nf3 d6 3. d4 cxd4 4. Nxd4 Nf6 5. Nc3 a6 6. Be2 e6 7. O-O Be7 8. Kh1
O-O 9. f4 Qc7 10. Bf3 Nc6 11. Be3 Bd7 12. a4 Rfd8 13. Qe1 Be8 14. Qf2 Qc8 15.
Rad1 d5 16. exd5 exd5 17. Nb3 Qf5 18. Rfe1 Bb4 19. Bb6 Rdc8 20. Qd2 h6 21. h3
h5 22. Re2 g6 23. Bd4 Nxd4 24. Nxd4 Qd7 25. f5 Bf8 26. fxg6 fxg6 27. Qg5 Bg7
28. Nxd5 1-0

[Event "Gibraltar Chess Festival 2017 - Masters"]
[Site "Gibraltar ENG"]
[Date "2017.01.26"]
[Round "3.80"]
[White "Sahl, Bjarke"]
[Black "Dasaolu, Rotimi"]
[Result "1-0"]
[WhiteElo "2363"]
[BlackElo "2051"]
[PlyCount "51"]
[EventDate "2017.01.24"]
[EventType "swiss"]
[EventRounds "10"]
[EventCountry "ENG"]
[SourceTitle "Ajedrez en Madrid"]
[Source "lmi"]
[SourceDate "2017.01.24"]

1. d4 Nf6 2. Nf3 e6 3. c4 b6 4. g3 Bb7 5. Bg2 Bb4+ 6. Nc3 Bxc3+ 7. bxc3 O-O 8.
O-O d6 9. a4 Qc8 10. Re1 Nbd7 11. a5 Be4 12. Bh3 Bb7 13. Nd2 a6 14. e4 e5 15.
f4 Re8 16. Bg2 Ra7 17. Ba3 bxa5 18. fxe5 dxe5 19. c5 Nf8 20. d5 c6 21. Nc4 cxd5
22. Nd6 Qe6 23. Nxe8 Qxe8 24. exd5 Bc8 25. c6 Bg4 26. Qd2 1-0

[Event "Gibraltar Chess Festival 2017 - Masters"]
[Site "Gibraltar ENG"]
[Date "2017.01.26"]
[Round "3.81"]
[White "Chan, Kim Yew"]
[Black "Siva, Mahadevan"]
[Result "1/2-1/2"]
[WhiteElo "2152"]
[BlackElo "2356"]
[PlyCount "58"]
[EventDate "2017.01.24"]
[EventType "swiss"]
[EventRounds "10"]
[EventCountry "ENG"]
[SourceTitle "Ajedrez en Madrid"]
[Source "lmi"]
[SourceDate "2017.01.24"]

1. d4 Nf6 2. g3 g6 3. Bg2 d5 4. Nf3 Bg7 5. O-O O-O 6. c4 dxc4 7. Ne5 c5 8. dxc5
Qc7 9. Nxc4 Qxc5 10. Nbd2 Nc6 11. b3 Qh5 12. Bb2 Bh3 13. Bxf6 Bxf6 14. Rc1 Rfd8
15. e3 Qxd1 16. Rcxd1 Bxg2 17. Kxg2 b5 18. Na3 a6 19. Nc2 e6 20. Kf3 Rac8 21.
Ke2 Ne7 22. Nb4 a5 23. Ne4 Bg7 24. Rxd8+ Rxd8 25. Nd3 Nd5 26. Nf4 Nb4 27. a3
Nc2 28. a4 bxa4 29. bxa4 Nb4 1/2-1/2

[Event "Gibraltar Chess Festival 2017 - Masters"]
[Site "Gibraltar ENG"]
[Date "2017.01.26"]
[Round "3.82"]
[White "Papp, Petra"]
[Black "Carlsten, Peter"]
[Result "1-0"]
[WhiteElo "2352"]
[BlackElo "2047"]
[PlyCount "77"]
[EventDate "2017.01.24"]
[EventType "swiss"]
[EventRounds "10"]
[EventCountry "ENG"]
[SourceTitle "Ajedrez en Madrid"]
[Source "lmi"]
[SourceDate "2017.01.24"]

1. e4 c5 2. Nf3 Nc6 3. d4 cxd4 4. Nxd4 g6 5. Nc3 Bg7 6. Be3 Nf6 7. Bc4 O-O 8.
Bb3 d6 9. f3 Na5 10. Qd2 Bd7 11. O-O-O Rc8 12. Kb1 Nc4 13. Bxc4 Rxc4 14. g4 Re8
15. Nde2 Qa5 16. Nd4 Be6 17. Nb3 Qa6 18. Bd4 Rec8 19. g5 Nh5 20. Bxg7 Nxg7 21.
h4 R4c7 22. Rc1 Qc6 23. Ne2 Qd7 24. Nf4 Nh5 25. Nxh5 Bxb3 26. Nf6+ exf6 27.
axb3 f5 28. h5 fxe4 29. fxe4 Qe6 30. Rh4 Qe5 31. c3 Rc5 32. Rch1 R8c7 33. b4
Rc4 34. Qd3 b5 35. Qf3 Qxg5 36. Rf4 Re7 37. hxg6 fxg6 38. Rf8+ Kg7 39. Rh8 1-0

[Event "Gibraltar Chess Festival 2017 - Masters"]
[Site "Gibraltar ENG"]
[Date "2017.01.26"]
[Round "3.83"]
[White "Finsterwalder, Sebastian"]
[Black "Vuilleumier, Alexandre"]
[Result "0-1"]
[WhiteElo "2130"]
[BlackElo "2347"]
[PlyCount "54"]
[EventDate "2017.01.24"]
[EventType "swiss"]
[EventRounds "10"]
[EventCountry "ENG"]
[SourceTitle "Ajedrez en Madrid"]
[Source "lmi"]
[SourceDate "2017.01.24"]

1. d4 d6 2. c4 e5 3. d5 f5 4. Nc3 Nf6 5. Nf3 h6 6. g3 g5 7. e4 Bg7 8. exf5 O-O
9. Qc2 Na6 10. Nxg5 hxg5 11. Bxg5 Qd7 12. Bxf6 Bxf6 13. g4 Qg7 14. h3 e4 15.
Nxe4 Bxb2 16. Rb1 Nc5 17. Qxb2 Nxe4 18. Qxg7+ Kxg7 19. Bd3 Re8 20. Ke2 Ng3+ 21.
Kf3 Nxh1 22. Rxh1 b5 23. cxb5 Bb7 24. Bc4 Re5 25. Rd1 a6 26. a4 axb5 27. axb5
Ra4 0-1

[Event "Gibraltar Chess Festival 2017 - Masters"]
[Site "Gibraltar ENG"]
[Date "2017.01.26"]
[Round "3.84"]
[White "Sodoma, Jan"]
[Black "Skutta, Bernd"]
[Result "1/2-1/2"]
[WhiteElo "2344"]
[BlackElo "1957"]
[PlyCount "85"]
[EventDate "2017.01.24"]
[EventType "swiss"]
[EventRounds "10"]
[EventCountry "ENG"]
[SourceTitle "Ajedrez en Madrid"]
[Source "lmi"]
[SourceDate "2017.01.24"]

1. d4 f5 2. g3 Nf6 3. Bg2 e6 4. b3 d5 5. Nf3 Bd6 6. Ba3 Bxa3 7. Nxa3 Qe7 8. Qc1
O-O 9. O-O Bd7 10. c4 c6 11. Nc2 Be8 12. Nce1 Nbd7 13. Nd3 Bh5 14. Re1 Rac8 15.
b4 h6 16. a4 Nb6 17. Nfe5 Nfd7 18. c5 Nxe5 19. Nxe5 Nd7 20. Nxd7 Qxd7 21. Ra3
g5 22. Re3 Rce8 23. Re5 f4 24. Bh3 Bg6 25. Qd2 Rf6 26. g4 Qh7 27. Bg2 Bc2 28.
Ra1 Re7 29. Bf3 Bb3 30. Kg2 Qc2 31. Qd3 Bxa4 32. Qxc2 Bxc2 33. Rxa7 Kg7 34. b5
Kf7 35. b6 Bb3 36. h4 Rg6 37. e3 fxe3 38. fxe3 gxh4 39. Ra1 Rg5 40. Kh3 Kf6 41.
Kxh4 Rxe5 42. dxe5+ Kxe5 43. Kh5 1/2-1/2

[Event "Gibraltar Chess Festival 2017 - Masters"]
[Site "Gibraltar ENG"]
[Date "2017.01.26"]
[Round "3.85"]
[White "Bendayan Claros, Aaron"]
[Black "Rakesh, Kumar Jena"]
[Result "0-1"]
[WhiteElo "2128"]
[BlackElo "2335"]
[PlyCount "56"]
[EventDate "2017.01.24"]
[EventType "swiss"]
[EventRounds "10"]
[EventCountry "ENG"]
[SourceTitle "Ajedrez en Madrid"]
[Source "lmi"]
[SourceDate "2017.01.24"]

1. d4 e6 2. c4 b6 3. e4 Bb7 4. f3 d5 5. cxd5 exd5 6. e5 Ne7 7. Bg5 h6 8. Bh4 g5
9. Bf2 Bg7 10. Bd3 c5 11. Qe2 Nbc6 12. h4 cxd4 13. e6 Qd6 14. exf7+ Kxf7 15.
hxg5 hxg5 16. Rxh8 Rxh8 17. Nh3 Bf6 18. Kf1 Qe5 19. Nd2 Bc8 20. Ng1 Nb4 21. Nb3
Qxe2+ 22. Kxe2 Rh2 23. a3 Nxd3 24. Kxd3 Ba6+ 25. Kd2 Rxg2 26. Ke1 Bc4 27. Nd2
g4 28. fxg4 Bh4 0-1

[Event "Gibraltar Chess Festival 2017 - Masters"]
[Site "Gibraltar ENG"]
[Date "2017.01.26"]
[Round "3.86"]
[White "Lochte, Thomas"]
[Black "Mannion, Stephen R"]
[Result "0-1"]
[WhiteElo "2070"]
[BlackElo "2326"]
[PlyCount "140"]
[EventDate "2017.01.24"]
[EventType "swiss"]
[EventRounds "10"]
[EventCountry "ENG"]
[SourceTitle "Ajedrez en Madrid"]
[Source "lmi"]
[SourceDate "2017.01.24"]

1. e4 e5 2. Nf3 Nc6 3. Bb5 a6 4. Bxc6 dxc6 5. Nc3 Bd6 6. d4 exd4 7. Qxd4 f6 8.
Be3 Ne7 9. O-O-O Ng6 10. Qc4 Qe7 11. Nd4 Ne5 12. Qe2 O-O 13. h3 Qf7 14. b3 Bb4
15. Nb1 Re8 16. g4 a5 17. a4 c5 18. Nb5 c4 19. f4 Nc6 20. Qxc4 Qxc4 21. bxc4
Rxe4 22. Nxc7 Rb8 23. Bb6 Rxc4 24. f5 h5 25. Nd2 Ba3+ 26. Kb1 Rxa4 27. Nb3 hxg4
28. hxg4 Rxg4 29. Nb5 Be7 30. Bc7 Ra8 31. N3d4 Nxd4 32. Nxd4 Bd7 33. Rh5 Kf7
34. c3 a4 35. Ne6 Bc6 36. Rd2 a3 37. Ka2 Bb5 38. Rh1 Bc4+ 39. Ka1 Rh8 40. Re1
Re4 41. Rb1 Re2 42. Rxe2 Bxe2 43. Re1 Bd3 44. Nxg7 Rg8 45. Rd1 Bc2 46. Rc1 Rxg7
47. Rxc2 Rg1+ 48. Ka2 Rf1 49. Bb6 Rxf5 50. c4 Rf3 51. c5 Ke6 52. Ba5 f5 53. Bb4
f4 54. Bxa3 Rd3 55. Rb2 f3 56. Bb4 Bh4 57. Rb1 f2 58. Kb2 Re3 59. Rh1 Re1 60.
Rxh4 f1=Q 61. Bxe1 Qxe1 62. Rc4 Kd5 63. Rc1 Qb4+ 64. Ka2 Kd4 65. Rc2 Kd3 66.
Rb2 Qa4+ 67. Kb1 Kc3 68. Rb6 Qd1+ 69. Ka2 Qd5+ 70. Kb1 Kc4 0-1

[Event "Gibraltar Chess Festival 2017 - Masters"]
[Site "Gibraltar ENG"]
[Date "2017.01.26"]
[Round "3.87"]
[White "Newbry, Benjamin J"]
[Black "Welling, Gerard"]
[Result "0-1"]
[WhiteElo "1879"]
[BlackElo "2314"]
[PlyCount "86"]
[EventDate "2017.01.24"]
[EventType "swiss"]
[EventRounds "10"]
[EventCountry "ENG"]
[SourceTitle "Ajedrez en Madrid"]
[Source "lmi"]
[SourceDate "2017.01.24"]

1. f4 g6 2. Nf3 Bg7 3. g3 c6 4. Bg2 Qb6 5. d4 d5 6. O-O Nh6 7. a4 a5 8. e3 Nf5
9. Qe2 h5 10. Nbd2 Nd7 11. c3 Nf6 12. Ne5 Nd6 13. c4 Qa6 14. Re1 Bf5 15. b3
Nfe4 16. Nef3 Bg4 17. Ba3 Nxd2 18. Bxd6 Nxf3+ 19. Bxf3 Bxf3 20. Qxf3 exd6 21.
cxd5 cxd5 22. Qxd5 Qc6 23. Qc4 Qxc4 24. bxc4 O-O 25. Rab1 Rfc8 26. Rec1 Rc7 27.
Rb5 Bf6 28. Kf2 Rac8 29. Rxa5 Rxc4 30. Rxc4 Rxc4 31. Ra8+ Kg7 32. h3 h4 33. g4
g5 34. Kf3 Rc3 35. Ke4 d5+ 36. Kxd5 Rxe3 37. fxg5 Bxg5 38. Rb8 Rxh3 39. Rxb7
Ra3 40. Ke4 Rxa4 41. Kf5 Ra5+ 42. Ke4 Kg6 43. Rb3 Ra4 0-1

[Event "Gibraltar Chess Festival 2017 - Masters"]
[Site "Gibraltar ENG"]
[Date "2017.01.26"]
[Round "3.88"]
[White "Wantiez, Fabrice"]
[Black "Bauer, Dieter"]
[Result "1-0"]
[WhiteElo "2312"]
[BlackElo "1772"]
[PlyCount "33"]
[EventDate "2017.01.24"]
[EventType "swiss"]
[EventRounds "10"]
[EventCountry "ENG"]
[SourceTitle "Ajedrez en Madrid"]
[Source "lmi"]
[SourceDate "2017.01.24"]

1. e4 d6 2. d4 Nf6 3. Nc3 e5 4. Nf3 exd4 5. Nxd4 Be7 6. g4 d5 7. e5 Ne4 8. Nxe4
dxe4 9. Bg2 c6 10. Bf4 O-O 11. Bxe4 Bxg4 12. Qd3 g6 13. Rg1 Bc5 14. Nb3 Bb4+
15. c3 Qxd3 16. Bxd3 Rd8 17. cxb4 1-0

[Event "Gibraltar Chess Festival 2017 - Masters"]
[Site "Gibraltar ENG"]
[Date "2017.01.26"]
[Round "3.89"]
[White "Kaidanov, Gregory S"]
[Black "Gamboa Alvarado, Olga Leticia"]
[Result "1-0"]
[WhiteElo "2572"]
[BlackElo "1913"]
[PlyCount "83"]
[EventDate "2017.01.24"]
[EventType "swiss"]
[EventRounds "10"]
[EventCountry "ENG"]
[SourceTitle "Ajedrez en Madrid"]
[Source "lmi"]
[SourceDate "2017.01.24"]

1. Nf3 Nf6 2. c4 e6 3. g3 d5 4. b3 c6 5. Bg2 Nbd7 6. d4 Bd6 7. O-O O-O 8. Bb2
Qc7 9. Nc3 Re8 10. Rc1 Qb8 11. Nd2 e5 12. cxd5 exd4 13. Nce4 cxd5 14. Nxd6 Qxd6
15. Bxd4 Ne5 16. Nb1 Nc6 17. Nc3 Nxd4 18. Qxd4 Qe5 19. Qxe5 Rxe5 20. Rfd1 Bg4
21. f3 Be6 22. f4 Re3 23. Bf3 Rc8 24. Nxd5 Nxd5 25. Rxc8+ Bxc8 26. Rxd5 Re8 27.
Rc5 g6 28. Rc7 a5 29. Bd5 Be6 30. Bxb7 Rd8 31. Rc2 Kf8 32. Kf2 Ke7 33. Rc5 Rb8
34. Bf3 a4 35. bxa4 Bxa2 36. a5 Rb4 37. a6 Ra4 38. Bb7 Kd6 39. Rc6+ Kd7 40. Rc1
Ra3 41. Ra1 Kd6 42. e4 1-0

[Event "Gibraltar Chess Festival 2017 - Masters"]
[Site "Gibraltar ENG"]
[Date "2017.01.26"]
[Round "3.90"]
[White "Bellin, Robert"]
[Black "Mueller-Dehn, Christian"]
[Result "1/2-1/2"]
[WhiteElo "2353"]
[BlackElo "2170"]
[PlyCount "42"]
[EventDate "2017.01.24"]
[EventType "swiss"]
[EventRounds "10"]
[EventCountry "ENG"]
[SourceTitle "Ajedrez en Madrid"]
[Source "lmi"]
[SourceDate "2017.01.24"]

1. e4 e6 2. d4 d5 3. Nd2 c5 4. exd5 Qxd5 5. Ngf3 cxd4 6. Bc4 Qd6 7. O-O Nf6 8.
Nb3 Nc6 9. Nbxd4 Nxd4 10. Nxd4 a6 11. b3 Qc7 12. a4 Bd6 13. h3 O-O 14. Bb2 b6
15. Qe2 Re8 16. Rad1 Bb7 17. Rfe1 Bb4 18. Rf1 Bd6 19. Rfe1 Bb4 20. Rf1 Bd6 21.
Rfe1 Bb4 1/2-1/2

[Event "Gibraltar Chess Festival 2017 - Masters"]
[Site "Gibraltar ENG"]
[Date "2017.01.26"]
[Round "3.92"]
[White "Lombaers, Peter"]
[Black "Gillis Onieva, Celia"]
[Result "1/2-1/2"]
[WhiteElo "2314"]
[BlackElo "1966"]
[PlyCount "86"]
[EventDate "2017.01.24"]
[EventType "swiss"]
[EventRounds "10"]
[EventCountry "ENG"]
[SourceTitle "Ajedrez en Madrid"]
[Source "lmi"]
[SourceDate "2017.01.24"]

1. d4 Nf6 2. c4 g6 3. Nc3 Bg7 4. e4 d6 5. h3 O-O 6. Be3 c5 7. d5 e6 8. Nf3 exd5
9. exd5 Na6 10. Bd3 Nc7 11. a4 b6 12. O-O Bb7 13. Qd2 a6 14. Bh6 b5 15. b3 b4
16. Ne2 Re8 17. Bxg7 Kxg7 18. Ng3 a5 19. Rae1 Kg8 20. Qh6 Rxe1 21. Rxe1 Qf8 22.
Nf5 Qxh6 23. Nxh6+ Kf8 24. Ng5 Re8 25. Rxe8+ Nfxe8 26. Nhxf7 Nxd5 27. Be4 Ke7
28. cxd5 Nf6 29. Kf1 Nxe4 30. Nxe4 Ba6+ 31. Ke1 Kxf7 32. Nxd6+ Ke7 33. Nc4 Bxc4
34. bxc4 g5 35. g3 Kf6 36. f4 gxf4 37. gxf4 h5 38. Ke2 h4 39. Ke3 Kf5 40. Kd3
Kf6 41. Ke4 Ke7 42. f5 Kd6 43. f6 Kd7 1/2-1/2

[Event "Gibraltar Chess Festival 2017 - Masters"]
[Site "Gibraltar ENG"]
[Date "2017.01.26"]
[Round "3.93"]
[White "Kandic, Milan"]
[Black "Webb, Laurence E"]
[Result "0-1"]
[WhiteElo "2061"]
[BlackElo "2313"]
[PlyCount "130"]
[EventDate "2017.01.24"]
[EventType "swiss"]
[EventRounds "10"]
[EventCountry "ENG"]
[SourceTitle "Ajedrez en Madrid"]
[Source "lmi"]
[SourceDate "2017.01.24"]

1. e4 c6 2. d4 d5 3. Nc3 b5 4. a3 a6 5. h3 dxe4 6. Nxe4 Nf6 7. Nxf6+ exf6 8.
Nf3 Bd6 9. Bd3 O-O 10. O-O Nd7 11. Re1 Nb6 12. Nh4 g6 13. Bh6 Re8 14. Rxe8+
Qxe8 15. Qf3 Nd5 16. c4 bxc4 17. Bxc4 Qd8 18. Re1 Be6 19. g4 Bf8 20. Bxf8 Kxf8
21. b3 Kg7 22. Qg3 a5 23. a4 Qb8 24. Qf3 Qd6 25. Ng2 h5 26. gxh5 Rh8 27. Qg3
Qxg3 28. fxg3 Rxh5 29. h4 Rh8 30. Rc1 Rb8 31. Ne1 Bf5 32. Kf2 Be4 33. Nf3 Rb4
34. Nd2 f5 35. Ke2 Nb6 36. Ke3 Nd5+ 37. Ke2 Kf6 38. Rf1 Ke7 39. Rc1 Nb6 40. Ke3
Bd5 41. Bxd5 Nxd5+ 42. Kd3 f4 43. Re1+ Kd7 44. Rf1 fxg3 45. Rxf7+ Ke6 46. Rf3
g2 47. Rg3 Kf7 48. Ke4 Nc3+ 49. Kd3 Nd5 50. Ke4 Nf6+ 51. Ke3 c5 52. Rxg2 Rxd4
53. Rg5 Nd5+ 54. Ke2 Nf4+ 55. Ke3 Ne6 56. Rxc5 Rxd2 57. Rxa5 Rh2 58. Ra7+ Kf6
59. b4 Rxh4 60. Rb7 Rh3+ 61. Kf2 Ra3 62. a5 g5 63. Rb6 g4 64. a6 Kf5 65. b5 g3+
0-1

[Event "Gibraltar Chess Festival 2017 - Masters"]
[Site "Gibraltar ENG"]
[Date "2017.01.26"]
[Round "3.94"]
[White "Hamer, Martyn"]
[Black "Povah, Nigel E"]
[Result "0-1"]
[WhiteElo "2039"]
[BlackElo "2298"]
[PlyCount "102"]
[EventDate "2017.01.24"]
[EventType "swiss"]
[EventRounds "10"]
[EventCountry "ENG"]
[SourceTitle "Ajedrez en Madrid"]
[Source "lmi"]
[SourceDate "2017.01.24"]

1. Nf3 Nf6 2. c4 c5 3. Nc3 e6 4. d4 cxd4 5. Nxd4 b6 6. Ndb5 d6 7. Bf4 e5 8. Bg5
Na6 9. Ne4 d5 10. Bxf6 Bb4+ 11. Nbc3 gxf6 12. cxd5 f5 13. e3 fxe4 14. Bxa6
Bxc3+ 15. bxc3 Bxa6 16. Qa4+ Ke7 17. Qxa6 Qxd5 18. Rd1 Qc6 19. O-O Rhc8 20. f3
Rc7 21. fxe4 Qxc3 22. Qe2 Rf8 23. Kh1 f6 24. Rd5 Qc4 25. Qf3 Rc5 26. Rd2 Qe6
27. Rfd1 Rc7 28. Qh5 Rf7 29. a3 Qc8 30. h3 Rc1 31. Kh2 Rxd1 32. Rxd1 Rg7 33.
Qf5 Qxf5 34. exf5 Rg8 35. Rc1 Kd6 36. Rc4 b5 37. Rh4 Rg7 38. Kg1 a5 39. Kf2 Kc5
40. Ke1 b4 41. axb4+ axb4 42. Kd1 Rxg2 43. Rxh7 Rf2 44. e4 Kd4 45. Rf7 Kd3 46.
Kc1 Kc3 47. Rc7+ Kd3 48. Rc6 Kxe4 49. Rxf6 Rxf5 50. Rb6 Kd3 51. Rxb4 Kc3 0-1

[Event "Gibraltar Chess Festival 2017 - Masters"]
[Site "Gibraltar ENG"]
[Date "2017.01.26"]
[Round "3.95"]
[White "Noordhoek, Henk"]
[Black "Bach, Matthias"]
[Result "0-1"]
[WhiteElo "2004"]
[BlackElo "2264"]
[PlyCount "108"]
[EventDate "2017.01.24"]
[EventType "swiss"]
[EventRounds "10"]
[EventCountry "ENG"]
[SourceTitle "Ajedrez en Madrid"]
[Source "lmi"]
[SourceDate "2017.01.24"]

1. Nf3 c5 2. g3 b6 3. Bg2 Bb7 4. c4 Nf6 5. O-O e6 6. Nc3 Be7 7. d4 cxd4 8. Nb5
a6 9. Nbxd4 O-O 10. a4 Qc7 11. b3 Ne4 12. Bf4 d6 13. Be3 Nd7 14. Nd2 Nxd2 15.
Bxd2 Bxg2 16. Kxg2 Bf6 17. Be3 Rfd8 18. Rc1 Ne5 19. f3 Qb7 20. Kg1 Rd7 21. Qc2
Rc8 22. Qb1 h5 23. Nc2 h4 24. Kg2 Ng6 25. Rfd1 Ne7 26. Nb4 Nf5 27. Bg1 a5 28.
Nd3 Bg5 29. Rc3 Be3 30. Nf4 Bxg1 31. Rxg1 d5 32. g4 Nd6 33. Rgc1 dxc4 34. Qc2
e5 35. Nd3 cxd3 36. Rxc8+ Nxc8 37. Qxc8+ Qxc8 38. Rxc8+ Kh7 39. exd3 Rxd3 40.
b4 axb4 41. Rc6 Ra3 42. Rxb6 Rxa4 43. g5 Ra2+ 44. Kh3 Rf2 45. Rxb4 Rxf3+ 46.
Kxh4 Kg6 47. Kg4 Rd3 48. Rb6+ f6 49. gxf6 gxf6 50. h4 Rd4+ 51. Kg3 Kf5 52. h5
Kg5 53. h6 Rg4+ 54. Kf3 Rf4+ 0-1

[Event "Gibraltar Chess Festival 2017 - Masters"]
[Site "Gibraltar ENG"]
[Date "2017.01.26"]
[Round "3.96"]
[White "Broekman, Willem"]
[Black "Gluhovsky, Mark"]
[Result "0-1"]
[WhiteElo "1997"]
[BlackElo "2263"]
[PlyCount "56"]
[EventDate "2017.01.24"]
[EventType "swiss"]
[EventRounds "10"]
[EventCountry "ENG"]
[SourceTitle "Ajedrez en Madrid"]
[Source "lmi"]
[SourceDate "2017.01.24"]

1. d4 Nf6 2. c4 g6 3. f3 Nh5 4. e4 e5 5. Be3 Bb4+ 6. Nc3 exd4 7. Qxd4 O-O 8.
Nge2 Nc6 9. Qd2 d6 10. Ng3 Ng7 11. O-O-O Be6 12. Qc2 f5 13. exf5 Nxf5 14. Nxf5
Rxf5 15. Bd3 Bc5 16. Bxc5 Rxc5 17. Qe2 Ne5 18. b3 a5 19. Be4 a4 20. Kb2 axb3
21. axb3 c6 22. Ra1 Rca5 23. Bd3 Qb6 24. Rxa5 Qxa5 25. Na4 Qb4 26. Kc2 b5 27.
Nc3 Ra3 28. Rb1 bxc4 0-1